000 00709cam a22002414a 4500
999 _c141645
_d141645
003 UPN
005 20220303094151.0
008 090218s2005 es a r 000 0bspa d
020 _a8489804842
035 _aUPN01000169539
040 _aUPN
_bspa
_cUPN
049 _aCG
050 4 _aND588 D9
_bA4.2
100 1 _aSalzgeber, Dieter,
_d1958-
_943571
245 1 0 _aAlberto Durero :
_bel rinoceronte /
_cDieter Salzgeber ; tr. L. Rodríguez López.
260 _aSalamanca, Esp. :
_bLóguez,
_c2005.
300 _a128 p. :
_bil. col.
490 0 _aLóguez Joven Arte
534 _pTraducción de:
_tDas rhinozeros
600 1 0 _aDürer, Albrecht,
_d1471-1528
_943570
905 _aLibro
942 _2lcc
_cLIBRO